[Event "Torneio RC - 002"]
[Site "http://www.queenalice.com/game.php?id=321832"]
[Date "2007.12.17"]
[Round "-"]
[White "Ghenov"]
[Black "Menestreu"]
[Result "0-1"]
[WhiteElo "2221"]
[BlackElo "1100"]

1. d4 e6 2. c4 Nf6 3. Nf3 Ne4 4. g3 c6 5. Bg2 Nf6 6. O-O Nh5 7. e4 Nf6 8. Nc3 b6
9. d5 cxd5 10. exd5 exd5 11. Ng5 Ng4 0-1

[Event "Torneio Relâmpago RC - 002"]
[Site "http://www.queenalice.com/game.php?id=323937"]
[Date "2007.12.21"]
[Round "-"]
[White "vergueiro"]
[Black "Menestreu"]
[Result "1-0"]
[WhiteElo "1524"]
[BlackElo "1100"]

1. d4 e6 2. e3 b6 3. Be2 Be7 4. Nf3 Bb7 5. O-O Nf6 6. Ne5 Ne4 7. Bf3 d5 8. Bh5
g6 9. Bf3 Bh4 10. Nd3 Qg5 11. Bxe4 dxe4 12. Ne1 Ba6 13. Nd3 exd3 14. cxd3 Bb7
15. e4 Qf6 16. f3 Qxd4+ 17. Kh1 Be7 18. Qe1 h5 19. Qc3 c5 20. Nd2 Ba6 21. Qxd4
cxd4 22. b3 Bxd3 23. Re1 Bh4 24. g3 Bf6 25. Bb2 Nc6 26. Rac1 Bb5 27. a4 Bxa4 28.
bxa4 Rc8 29. Ba3 d3 30. Rf1 Bg5 31. f4 Be7 32. Ra1 Bb4 33. Rfd1 a5 34. Nc4 Bc5
35. Bxc5 bxc5 36. Nd6+ Kd8 37. Nxf7+ Kc7 38. Nxh8 Rxh8 39. Rxd3 Rd8 40. Rad1 Nd4
41. e5 Kc6 42. Kg2 Kd5 43. Rb1 Kc4 44. Rd2 Rh8 45. h4 Kc3 46. Rdb2 c4 47. Rb5
Ra8 48. Rb8 Ra6 49. R1b6 Ra7 50. Rg8 Nf5 51. Rxg6 Ng7 52. g4 hxg4 53. Rxg4 Nf5
54. Rg6 Nd4 55. h5 Re7 56. h6 Nf5 57. Rbxe6 Rf7 58. Rb6 Ne3+ 59. Kf3 Nd5 60.
Rbf6 Rh7 61. Rd6 Ne7 62. Rg7 Rxg7 63. hxg7 Kb4 64. Rd8 c3 65. g8=Q Nxg8 66. Rxg8
c2 67. Rg1 Kxa4 68. e6 Kb3 69. e7 Kb2 70. e8=Q c1=Q 71. Rxc1 Kxc1 72. Ke2 a4 73.
Qxa4 Kb2 74. Kd2 Kb1 75. Kc3 Kc1 76. Qc2# 1-0

[Event "CIX.Ca1.08"]
[Site "http://www.queenalice.com/game.php?id=501251"]
[Date "2008.12.2"]
[Round "-"]
[White "raszytko"]
[Black "Menestreu"]
[Result "1-0"]
[WhiteElo "2200"]
[BlackElo "1062"]

1. d4 Nh6 2. e4 e5 3. dxe5 d5 4. Bxh6 gxh6 5. Qxd5 Bb4+ 6. c3 c6 7. Qxd8+ Kxd8
8. cxb4 Re8 9. f4 Na6 10. Bxa6 bxa6 11. Nc3 Rb8 12. a3 Re6 13. Nf3 Rg6 14. Rg1
Rg4 15. f5 a5 16. bxa5 Rxb2 17. O-O-O+ Kc7 18. Kxb2 c5 19. Rd6 Rg7 20. Nd5+ Kb8
21. Ka1 Rg4 22. Rb1+ Bb7 23. Rd8# 1-0

[Event " CIX.Ca1.14"]
[Site "http://www.queenalice.com/game.php?id=501333"]
[Date "2008.12.2"]
[Round "-"]
[White "Menestreu"]
[Black "raszytko"]
[Result "0-1"]
[WhiteElo "1100"]
[BlackElo "2199"]

1. d4 d5 2. e3 Nf6 3. Nh3 Nc6 4. Ng5 e5 5. dxe5 Nxe5 6. Qd4 Bd6 7. Na3 O-O 8. f4
Nc6 9. Qc3 Bb4 10. Bd2 Bxc3 11. Bxc3 Ng4 12. Bd3 Nxe3 13. Bxh7+ Kh8 14. h4 Nxg2+
15. Kf2 Nxf4 16. Raf1 f6 17. Bxf6 Qxf6 18. Rfg1 Ng2+ 19. Kxg2 Qf2# 0-1

[Event " CIX.Ca1.13"]
[Site "http://www.queenalice.com/game.php?id=501334"]
[Date "2008.12.2"]
[Round "-"]
[White "Menestreu"]
[Black "lafayete2000"]
[Result "0-1"]
[WhiteElo "1100"]
[BlackElo "1311"]

1. e4 e5 2. Nh3 d5 3. Qh5 Bxh3 4. Qxe5+ Be6 5. d3 Nc6 6. Qf4 Bd6 7. Qf3 Nd4 8.
Qe3 Nxc2+ 9. Ke2 Nxe3 10. fxe3 Bg4+ 11. Kf2 dxe4 12. dxe4 Qf6+ 13. Kg1 O-O-O 14.
h3 Bh5 15. g4 Bg3 16. gxh5 Qf2# 0-1

[Event " CIX.Ca1.15"]
[Site "http://www.queenalice.com/game.php?id=501337"]
[Date "2008.12.2"]
[Round "-"]
[White "Menestreu"]
[Black "vergueiro"]
[Result "0-1"]
[WhiteElo "1030"]
[BlackElo "1510"]

1. e4 e5 2. Nc3 c6 3. Qh5 Qf6 4. Nf3 g6 5. Qxe5+ Qxe5 6. Nxe5 Bg7 7. d4 d6 8.
Nf3 Nf6 9. e5 dxe5 10. Nxe5 O-O 11. b3 Re8 12. Bc4 Be6 13. O-O Nd5 14. h3 Nxc3
15. Re1 Nd5 16. g3 f6 17. Nd3 Na6 18. Ba3 f5 19. Nf4 Nac7 20. Bd6 Bxd4 21. Rad1
Bc3 22. Re5 Bxe5 23. Nxe6 Rxe6 24. Bc5 Rae8 25. Re1 Bc3 26. Rxe6 Rxe6 27. Bxa7
Re1+ 28. Kg2 Nb5 29. Bc5 Rc1 30. Bd3 Bb4 31. Bxb4 Nxb4 32. Bc4+ Kg7 33. a3 Nxc2
34. a4 Nbd4 35. h4 Ne1+ 36. Kh3 Nec2 37. Kg2 Na3 38. Bf7 Kxf7 39. f3 Rc2+ 40.
Kh3 Rc1 41. g4 Nxf3 42. Kg3 Rf1 43. Kg2 Nd2 44. g5 Nc2 45. Kg3 Ne1 46. Kh2 Rf3
47. Kg1 f4 48. Kh1 Rg3 49. Kh2 Nef3+ 50. Kh1 Rg1# 0-1

[Event " CIX.Ca1.16"]
[Site "http://www.queenalice.com/game.php?id=501339"]
[Date "2008.12.2"]
[Round "-"]
[White "Menestreu"]
[Black "odracir"]
[Result "0-1"]
[WhiteElo "1049"]
[BlackElo "1373"]

1. e4 e5 2. Bc4 f6 3. b3 Nc6 4. Nc3 Bb4 5. Qh5+ g6 6. Qh4 Be7 7. Nd5 Nd4 8. Nxe7
Nxe7 9. Qh6 Nxc2+ 10. Kd1 Nxa1 11. Qg7 Rf8 12. Qxh7 d6 13. Nf3 Bg4 14. Be2 d5
15. h3 Bxf3 16. gxf3 dxe4 17. fxe4 Qd4 18. Ba3 c5 19. Bb5+ Kd8 20. Qg7 Kc7 21.
Qxe7+ Kb6 22. Ba4 Rad8 23. Rg1 Qxd2# 0-1

[Event " CIX.Ca1.17"]
[Site "http://www.queenalice.com/game.php?id=501341"]
[Date "2008.12.2"]
[Round "-"]
[White "Menestreu"]
[Black "ajaxclube"]
[Result "0-1"]
[WhiteElo "1038"]
[BlackElo "1598"]

1. e4 e5 2. Qh5 Nc6 3. Nc3 Nf6 4. Qf5 d5 5. Qg5 h6 6. Qg3 Nh5 7. Qf3 Nd4 8. Qxh5
dxe4 9. Nb5 Be6 10. Qxe5 Nxc2+ 11. Kd1 Nxa1 12. b3 Bb4 13. Qxg7 Ke7 14. Qxh6
Rxh6 15. d3 exd3 16. a3 Bxb3# 0-1

[Event " CIX.Ca1.18"]
[Site "http://www.queenalice.com/game.php?id=501342"]
[Date "2008.12.2"]
[Round "-"]
[White "Menestreu"]
[Black "Rosberg"]
[Result "0-1"]
[WhiteElo "1040"]
[BlackElo "2161"]

1. e4 e5 2. Nc3 Nf6 3. Bc4 Nc6 4. Nh3 Nxe4 5. Nxe4 d5 6. Bb3 dxe4 7. Qh5 g6 8.
Qg5 Bxh3 9. d3 Qxg5 10. Bxg5 Bxg2 11. Rg1 Bf3 12. Bf6 Rg8 13. dxe4 Be7 14. Bxe7
Kxe7 15. Bd5 Nd4 16. Rg5 Nxc2+ 17. Kd2 Nxa1 18. Rxe5+ Kf6 19. Re6+ fxe6 20. Bxb7
Rab8 21. Bc6 Rxb2+ 22. Kc3 Rc2+ 23. Kb4 Rb8+ 24. Ka5 Rxa2+ 25. Ba4 e5 26. Ka6
Rxa4# 0-1

[Event "CIX.Ca1.33"]
[Site "http://www.queenalice.com/game.php?id=501418"]
[Date "2008.12.2"]
[Round "-"]
[White "ajaxclube"]
[Black "Menestreu"]
[Result "1-0"]
[WhiteElo "1638"]
[BlackElo "1030"]

1. e4 e5 2. Nf3 Nc6 3. Bb5 a6 4. Ba4 Nb4 5. Nxe5 Qg5 6. d4 Qxg2 7. Qf3 Qxf3 8.
Nxf3 Nf6 9. Nc3 Nxc2+ 10. Bxc2 Ng4 11. Nd5 c6 12. Nc7+ Kd8 13. Nxa8 Be7 14. Rg1
h5 15. h3 Bb4+ 16. Nd2 Nh6 17. Nb6 Re8 18. a3 Bd6 19. Rxg7 c5 20. Nxc8 Kxc8 21.
dxc5 Be5 22. Rg5 f6 23. Rxh5 Bf4 24. Nc4 b5 25. Nb6+ Kc7 26. Bxf4+ Kc6 27. Rxh6
Rf8 28. e5 Kxc5 29. Nxd7+ Kd5 30. Nxf8 fxe5 31. Rd1+ Kc4 32. Bxe5 b4 33. Rh4+
Kb5 34. a4+ Ka5 35. Bh2 Kb6 36. Rd5 Kc6 37. Rg5 a5 38. Rh6+ Kb7 39. Rg7+ Kc8 40.
Ne6 b3 41. Rh8# 1-0

[Event "CIX.Ca1.27"]
[Site "http://www.queenalice.com/game.php?id=501441"]
[Date "2008.12.2"]
[Round "-"]
[White "odracir"]
[Black "Menestreu"]
[Result "1-0"]
[WhiteElo "1369"]
[BlackElo "1062"]

1. e4 e5 2. Nf3 Nf6 3. Nc3 Ng4 4. Bc4 Bc5 5. d4 exd4 6. Na4 d6 7. O-O d3 8. Nxc5
dxc5 9. Ng5 f6 10. Nf7 Qe7 11. Nxh8 Qxe4 12. cxd3 Qf5 13. Re1+ Kd7 14. Be6+ Qxe6
15. Rxe6 Kxe6 16. Qxg4+ f5 17. Qxg7 Kd6 18. Qf8+ Kd7 19. Qxf5+ Kd8 20. Bg5+ Ke8
21. Qxc8# 1-0

[Event "CIX.Ca1.39"]
[Site "http://www.queenalice.com/game.php?id=501567"]
[Date "2008.12.2"]
[Round "-"]
[White "Rosberg"]
[Black "Menestreu"]
[Result "1-0"]
[WhiteElo "2153"]
[BlackElo "1049"]

1. d4 e6 2. c4 Nh6 3. Nc3 Qf6 4. Nf3 Ng4 5. h3 Nh6 6. Bg5 Qf5 7. a3 Be7 8. g4
Nxg4 9. hxg4 Qxg4 10. Nb5 f6 11. Nxc7+ Kd8 12. Nxa8 fxg5 13. Ne5 Qf5 14. Qb1 Qf4
15. Ng6 Qf6 16. Nxh8 Qxd4 17. Qxh7 Qxb2 18. Qg8+ Bf8 19. Qxf8# 1-0

[Event " CIX.Ca1.21"]
[Site "http://www.queenalice.com/game.php?id=502094"]
[Date "2008.12.3"]
[Round "-"]
[White "vergueiro"]
[Black "Menestreu"]
[Result "1-0"]
[WhiteElo "1512"]
[BlackElo "1030"]

1. e4 Na6 2. Nf3 c6 3. d3 e6 4. Nc3 h6 5. Ne5 Qe7 6. Be2 d6 7. Ng4 h5 8. Ne3 Qg5
9. b3 Qh4 10. Bf3 d5 11. h3 d4 12. g3 Qg5 13. Ned5 Qd8 14. Nf4 Qa5 15. Qd2 dxc3
16. Qe3 b6 17. a3 Bc5 18. d4 Bd6 19. e5 Bc7 20. Bxc6+ Ke7 21. Bxa8 g5 22. Nxe6
b5 23. Nxc7 Nxc7 24. Qxg5+ f6 25. exf6+ Nxf6 26. Qg7+ Kd6 27. Bf4+ Ke6 28. Bxc7
Rg8 29. Qxg8+ Nxg8 30. Bxa5 Ne7 31. O-O-O Bd7 32. Bc7 Nf5 33. Rhe1+ Kf6 34. Bd8+
Kg6 35. h4 Ng7 36. Re7 Bf5 37. Be4 Ne6 38. Rxe6+ Kf7 39. Bxf5 Kg7 40. Rde1 Kf8
41. Bg5 Kf7 42. Bg6+ Kg7 43. Rf6 Kh8 44. Re8+ Kg7 45. Re7+ Kg8 46. Bh7+ Kh8 47.
Rf8# 1-0

[Event "CIX.Ca1.02"]
[Site "http://www.queenalice.com/game.php?id=502395"]
[Date "2008.12.4"]
[Round "-"]
[White "lafayete2000"]
[Black "Menestreu"]
[Result "1-0"]
[WhiteElo "1412"]
[BlackElo "1040"]

1. e4 Nc6 2. Nc3 Nd4 3. d3 Nf6 4. Nf3 Nxf3+ 5. Qxf3 e6 6. a3 c6 7. d4 g5 8. Bxg5
Be7 9. e5 Ng8 10. Be3 b6 11. Qg3 h6 12. Qg7 d6 13. Qxh8 Kd7 14. exd6 Bxd6 15.
Qh7 Qf8 16. Qe4 f5 17. Qf3 f4 18. Bd2 e5 19. dxe5 Bxe5 20. Bc4 Bb7 21. Qd3+ Bd6
22. O-O b5 23. Bxg8 Rd8 24. Qh7+ Kc8 25. Be6+ Kb8 26. a4 Re8 27. Rfe1 Re7 28.
Qd3 Qf6 29. Qxd6+ Ka8 30. Qd8+ Bc8 31. Qxc8# 1-0

[Event "CIX.Co1.12"]
[Site "http://www.queenalice.com/game.php?id=505465"]
[Date "2008.12.10"]
[Round "-"]
[White "Menestreu"]
[Black "lafayete2000"]
[Result "0-1"]
[WhiteElo "1030"]
[BlackElo "1423"]

1. Nf3 e6 2. Nc3 Nc6 3. e4 Bd6 4. Nb5 Bc5 5. d4 Bb4+ 6. c3 Be7 7. d5 exd5 8.
exd5 Nb8 9. Ne5 Bf6 10. Bf4 a6 11. Nd4 Qe7 12. Qg4 Bxe5 13. Qxg7 Bxg7+ 14. Be2
Bxd4 15. cxd4 Qb4+ 16. Bd2 Qxb2 17. Rd1 Nf6 18. Bg5 Ne4 19. Be3 Nc3 20. Bh5 Nxd1
21. Kxd1 c6 22. d6 Qa1+ 23. Bc1 Qxd4+ 24. Ke2 Qe5+ 25. Be3 Qxh5+ 26. f3 O-O 27.
g4 Qd5 28. Rg1 Re8 29. f4 Qxa2+ 30. Kf3 Qb3 31. Re1 c5 32. h4 Nc6 33. h5 Nd4+
34. Kg3 Rxe3+ 35. Rxe3 Qxe3+ 36. Kh4 Nf3+ 37. Kh3 Qg1 38. g5 b5 39. g6 fxg6 40.
f5 Bb7 41. fxg6 Nd4 42. gxh7+ Kg7 43. h6+ Kxh7 44. Kh4 Rg8 45. Kh5 Qg5# 0-1

[Event "CIX.Co1.14"]
[Site "http://www.queenalice.com/game.php?id=505476"]
[Date "2008.12.10"]
[Round "-"]
[White "Menestreu"]
[Black "Rosberg"]
[Result "0-1"]
[WhiteElo "1030"]
[BlackElo "2204"]

1. e3 e5 2. Nc3 Nf6 3. Bc4 d5 4. Bb3 Nc6 5. h3 Be7 6. g4 d4 7. Nb5 a6 8. g5 Ne4
9. Qh5 g6 10. Qh6 axb5 11. Qg7 Rf8 12. d3 Bb4+ 13. Kf1 Nc5 14. a3 Nxb3 15. cxb3
dxe3 16. fxe3 Qxd3+ 17. Kg2 Be6 18. axb4 Bd5+ 19. Nf3 Qe2+ 20. Kg3 Qxf3+ 21. Kh2
Qf2# 0-1

[Event "CIX.Co1.15"]
[Site "http://www.queenalice.com/game.php?id=505478"]
[Date "2008.12.10"]
[Round "-"]
[White "Menestreu"]
[Black "raszytko"]
[Result "0-1"]
[WhiteElo "1038"]
[BlackElo "2203"]

1. e3 g6 2. Nh3 d5 3. Nf4 e5 4. h3 exf4 5. exf4 Nc6 6. Nc3 d4 7. Nb5 a6 8. Na3
Nf6 9. b3 Bc5 10. Bc4 Qd6 11. Qe2+ Kd8 12. Bxf7 Bxa3 13. Bxa3 Qxa3 14. O-O Rf8
15. Be6 Re8 16. Rfb1 Bxe6 17. Qd1 Qd6 18. g3 Bxh3 19. c4 d3 20. b4 Re2 21. Rb2
Qd4 22. Rab1 Qxf2+ 23. Kh1 Qh2# 0-1

[Event "CIX.Co1.07"]
[Site "http://www.queenalice.com/game.php?id=505479"]
[Date "2008.12.10"]
[Round "-"]
[White "odracir"]
[Black "Menestreu"]
[Result "1-0"]
[WhiteElo "1333"]
[BlackElo "1038"]

1. e4 d6 2. Nf3 e5 3. Nc3 Nf6 4. Bc4 c6 5. O-O b5 6. Bb3 Ng4 7. d3 h5 8. Ng5 Be7
9. Nxf7 Qd7 10. Nxh8 b4 11. Na4 Bf6 12. Qf3 Qe7 13. Bf7+ Kd8 14. h3 Nh6 15. Bg6
Qf8 16. Qxh5 Qxh8 17. Bxh6 gxh6 18. Qf3 Qg7 19. Bh5 Qg5 20. c3 Bb7 21. Qf5 Qg7
22. Qe6 d5 23. Qe8+ Kc7 24. exd5 cxd5 25. Nc5 Bc6 26. Ne6+ Kd6 27. Qc8 d4 28.
Nxg7 Bxg7 29. Qd8+ Kc5 30. Qe7+ Kb6 31. Qxg7 dxc3 32. bxc3 bxc3 33. Qxe5 c2 34.
Qb2+ Bb5 35. Qxc2 Na6 36. Qb2 Kc5 37. d4+ Kb6 38. Rab1 Rg8 39. Qxb5+ Kc7 40. Qd5
Rd8 41. Rfc1+ Nc5 42. Rxc5# 1-0

[Event "CIX.Co1.02"]
[Site "http://www.queenalice.com/game.php?id=506285"]
[Date "2008.12.11"]
[Round "-"]
[White "vergueiro"]
[Black "Menestreu"]
[Result "0-1"]
[WhiteElo "1520"]
[BlackElo "1030"]

1. e4 e6 2. Nf3 Na6 3. d3 h6 4. Be2 d5 5. e5 f5 6. g3 g5 7. d4 g4 8. Nh4 h5 9.
Ng6 Bb4+ 10. Bd2 Rh6 11. Bxb4 Nxb4 12. Nf4 c6 13. a3 Na6 14. Nc3 b5 15. b4 Ne7
16. Qd2 Nb8 17. Nh3 Ng8 18. Ng1 a6 19. Bd3 h4 20. O-O-O a5 21. Rf1 h3 22. f3 Rg6
23. fxg4 Rxg4 24. Nxh3 Na6 25. Rf4 Nh6 26. Rxg4 Nxg4 27. Qg5 Qe7 28. Qxe7+ Kxe7
29. Kd2 axb4 30. axb4 Nxb4 31. Rb1 Nxd3 32. cxd3 Nxh2 33. Nf2 Nf3+ 34. Ke3 Ng5
35. Rh1 Ra3 36. Ne2 b4 37. Rh5 Ba6 38. Nc1 Nf7 39. Rh7 b3 40. Nd1 Ra1 41. Kd2
Kf8 42. Nxb3 Rb1 43. Nc5 Bc8 44. Rh4 Ng5 45. g4 Nf3+ 46. Kc2 Nxh4 47. Kxb1 fxg4
48. Nf2 g3 49. Nh3 Nf3 50. Kc2 g2 51. Kd1 Nxd4 52. Kd2 Nf3+ 53. Ke3 Ng5 54. Kf2
Nxh3+ 55. Kxg2 Nf4+ 56. Kf3 Ng6 57. d4 Ke7 58. Kg4 Bd7 59. Kg5 Nh8 60. Kh6 Be8
61. Kg5 Nf7+ 62. Kf4 Nh6 63. Nb7 Bd7 64. Kg5 Nf5 65. Kf4 Nxd4 0-1

[Event "CIX.Co1.13"]
[Site "http://www.queenalice.com/game.php?id=506448"]
[Date "2008.12.12"]
[Round "-"]
[White "Menestreu"]
[Black "ajaxclube"]
[Result "0-1"]
[WhiteElo "1030"]
[BlackElo "1624"]

1. d3 e5 2. e3 d5 3. Nh3 Nf6 4. Nc3 Bb4 5. Qf3 d4 6. exd4 exd4 7. Qe2+ Be6 8.
Bd2 O-O 9. Qf3 Nc6 10. g3 dxc3 11. bxc3 Ba5 12. Rb1 Rb8 13. d4 Bxa2 14. Rb2 Bd5
15. Qg4 Nxg4 16. Rg1 Re8+ 17. Kd1 Qf6 18. Bg2 Bxg2 19. Rxg2 Rbd8 20. Rxb7 Re7
21. Bg5 Qf3+ 22. Kc1 Re1+ 23. Kb2 Qxc3+ 24. Ka2 Ra1# 0-1

[Event "CIX.TR2.02"]
[Site "http://www.queenalice.com/game.php?id=518287"]
[Date "2009.1.6"]
[Round "-"]
[White "Menestreu"]
[Black "vergueiro"]
[Result "1-0"]
[WhiteElo "1030"]
[BlackElo "1520"]

1. e4 e5 2. Nf3 d6 3. Bc4 Nh6 4. Nc3 Be6 5. d3 Bxc4 6. dxc4 c6 7. O-O Nd7 8. Bg5
f6 9. Bh4 b5 10. b3 Qb6 11. a4 Ng4 12. b4 bxc4 13. Qb1 Ne3 14. a5 Qd4 15. Ra3
Nxf1 16. Nxd4 Nd2 17. Qc1 Nxe4 18. Nxe4 d5 19. Nxc6 dxe4 20. Re3 Be7 21. Rxe4
Kf7 22. Rxc4 Rhc8 23. b5 g5 24. Bg3 h6 25. a6 f5 26. Qd2 f4 27. Qxd7 Re8 28.
Nxe5+ Kf6 29. Ng4+ Kg6 30. Rc6+ Kh5 31. Nxh6 Red8 32. Qg4# 1-0

[Event "CIX.TR2.03"]
[Site "http://www.queenalice.com/game.php?id=518288"]
[Date "2009.1.6"]
[Round "-"]
[White "Menestreu"]
[Black "Rosberg"]
[Result "0-1"]
[WhiteElo "1030"]
[BlackElo "2220"]

1. e4 c5 2. Nc3 d6 3. Bc4 Nc6 4. Nf3 Nf6 5. d3 a6 6. Bf4 Na5 7. O-O Nxc4 8. dxc4
Be6 9. b3 g6 10. e5 Nh5 11. Bg5 dxe5 12. Nxe5 f6 13. Bf4 Qxd1 14. Nxd1 Nxf4 15.
Nc3 fxe5 16. Rfe1 Bg7 17. Ne4 Bf5 18. f3 O-O-O 19. Nxc5 Rd2 20. Rxe5 Bxe5 21.
Re1 Bd4+ 22. Kh1 Nxg2 23. Rxe7 Rd1+ 24. Kxg2 Rg1# 0-1